000 00331nam a2200145Ia 4500
003 OSt
008 191201s2018 xx 000 0 und d
082 _a004.69
_bJAC
100 _aJAYASWAL, Kailash
245 0 _aCloud Computing Black Book
260 _bDream tech
_c2018
300 _a457
650 _aB.Tech(IT)
942 _2ddc
_cBK
999 _c7040
_d7040